000 00598nam a2200181Ia 4500
008 090630s9999 xx 000 0 und d
082 _b23170
100 _aसप्रे मधुवंती.
245 _aलोकल कांड.
_cसप्रे मधुवंती.
260 _bवासकर मीना.
_c2003
300 _a213
600 _aसप्रे मधुवंती.
630 _aलोकल कांड.
655 _aकादंबरी.
700 _aसप्रे मधुवंती.
730 _aलोकल कांड.
942 _cBOOK
999 _c275026
_d275026